Infekce v ortopedii /

Hlavní autor: Musil, David, 1973-
Další autoři: Gallo, Jiří, 1966-, Chrdle, Aleš, 1969-
Jazyk: Čeština
Vydáno: Praha : Maxdorf, [2022]
Edice: Jessenius
Témata:
Fyzický popis: 842 stran : ilustrace (převážně barevné) ; 28 cm
Knihy
Uloženo v:
LEADER 02674cam a2200733 i 4500
001 nkc20223439477
003 CZ PrNK
005 20220929101627.0
007 ta
008 220720t20222022xr a f 001 0 cze d
015 |a cnb003439477 
020 |a 978-80-7345-703-7  |q (vázáno) :  |c Kč 2495,00 
035 |a (OCoLC)1347065745 
040 |a KLG001  |b cze  |d BOA001  |d ABA001  |e rda 
072 7 |a 617  |x Ortopedie. Chirurgie. Oftalmologie  |2 Konspekt  |9 14 
080 |a 617.3  |2 MRF 
080 |a 616.7  |2 MRF 
080 |a 616-022.6/.7  |2 MRF 
080 |a 617-089-022.6/.7  |2 MRF 
080 |a 616.9  |2 MRF 
080 |a 616-07  |2 MRF 
080 |a 616-08  |2 MRF 
080 |a 616-022.6/.7-08  |2 MRF 
080 |a (048.8:082)  |2 MRF 
100 1 |a Musil, David,  |d 1973-  |7 xx0071040  |4 aut 
245 1 0 |a Infekce v ortopedii /  |c David Musil, Jiří Gallo, Aleš Chrdle a kolektiv 
264 1 |a Praha :  |b Maxdorf,  |c [2022] 
264 4 |c ©2022 
300 |a 842 stran :  |b ilustrace (převážně barevné) ;  |c 28 cm 
336 |a text  |b txt  |2 rdacontent 
336 |a statický obraz  |b sti  |2 rdacontent 
337 |a bez média  |b n  |2 rdamedia 
338 |a svazek  |b nc  |2 rdacarrier 
490 1 |a Jessenius 
504 |a Obsahuje bibliografie a rejstřík 
650 0 7 |a ortopedie  |7 ph123825  |2 czenas 
650 0 7 |a pohybové ústrojí  |7 ph115779  |2 czenas 
650 0 7 |a infekce  |7 ph134832  |2 czenas 
650 0 7 |a chirurgické infekce  |7 ph138606  |2 czenas 
650 0 7 |a infekční nemoci  |7 ph114765  |2 czenas 
650 0 7 |a diagnostika (lékařství)  |7 ph114312  |2 czenas 
650 0 7 |a terapie  |7 ph116435  |2 czenas 
650 0 7 |a antimikrobiální terapie  |7 ph257833  |2 czenas 
650 0 9 |a orthopedics  |2 eczenas 
650 0 9 |a musculoskeletal system  |2 eczenas 
650 0 9 |a infections  |2 eczenas 
650 0 9 |a surgical infections  |2 eczenas 
650 0 9 |a infectious diseases  |2 eczenas 
650 0 9 |a medical diagnostics  |2 eczenas 
650 0 9 |a therapy  |2 eczenas 
650 0 9 |a antimicrobial therapy  |2 eczenas 
655 7 |a kolektivní monografie  |7 fd501537  |2 czenas 
655 9 |a collective monographs  |2 eczenas 
700 1 |a Gallo, Jiří,  |d 1966-  |7 xx0019005  |4 aut 
700 1 |a Chrdle, Aleš,  |d 1969-  |7 xx0253541  |4 aut 
830 0 |a Jessenius  |0 s 
910 2 |a BOA001  |b 3-1492.660 
920 |a 1391814  |z KLG001 
990 |a BK 
995 |a 01 
991 |b 202209  |c NOV 
996 6 |b 2610913420  |c 3-1492.660  |l MZK  |r Sklad / do 1 hodiny  |n 1  |p p.v.  |w 001898474  |u 000010  |a 1  |e BOA001  |j MZK50  |s P 
996 6 |b 2610915728  |c 3-1492.660  |l MZK  |r STM 6p  |n 0  |p kup  |h 617 MUS  |w 001898474  |u 000020  |a 0  |e BOA001  |j MZK50  |s P 
996 7 |b 2610915729  |c 3-1492.660  |l Vol.výběr  |r VV 1p  |n 6  |p kup  |h 617 MUS  |w 001898474  |u 000030  |a 0  |e BOA001  |j MZK50  |s A